| 000 | 00786nab a2200241 4500 | ||
|---|---|---|---|
| 003 | BR-BrBNA | ||
| 005 | 20250310154051.0 | ||
| 008 | 250310b bl.||||| |||| 00| 0 por d | ||
| 040 |
_aBR-BrBNA _bpor |
||
| 072 | _aE70 ; F01 | ||
| 100 | _aZepper, Paulo | ||
| 245 |
_aCinturão verde de São Paulo _bAgroeconomia |
||
| 500 | _a3 illus. | ||
| 650 | _aPRODUÇÃO AGRÍCOLA | ||
| 650 | _aENTREPOSTO | ||
| 650 | _aCENTRAL DE ABASTECIMENTO | ||
| 650 | _aMERCADO ATACADISTA | ||
| 650 | _aCOMERCIALIZAÇÃO | ||
| 650 | _aSÃO PAULO | ||
| 773 | 0 |
_01706 _9347827 _dSão Paulo-SP Editora Três Ltda - E-mail: luizfsa@revistadinheiro.com.br 2004 _o2025-0328 _tDinheiro Rural (Brazil) _x1807-3700 _gv. 2(13) p. 34-36; (Nov 2005) _wBR2025000077 |
|
| 942 | _cANA | ||
| 999 |
_c330302 _d330302 |
||